[Event "Exemplars-Sears"]
[Site "?"]
[Date "1999.04.20"]
[Round "?"]
[White "Inumerable, F"]
[Black "Miller, T"]
[Result "1-0"]
[WhiteElo "2280"]
[BlackElo "1877"]
[PlyCount "57"]
[EventDate "1999.??.??"]

1. d4 Nf6 2. Bg5 Ne4 3. Bh4 d5 4. f3 g5 5. fxe4 gxh4 6. exd5 Qxd5 7. Nc3 Qa5 8.
Qd2 Bg7 9. Nf3 Nc6 10. e3 Bf6 11. Bc4 Bg4 12. h3 Bh5 13. Nd5 Qxd2+ 14. Nxd2
O-O-O 15. Nxf6 exf6 16. O-O Nb4 17. Bb3 c5 18. a3 Nd5 19. Rae1 Nc7 20. Rf5 Bg6
21. Rxc5 Rhe8 22. Nf3 b6 23. Rc3 Re4 24. Kf2 Kb8 25. Rc6 Ne6 26. Nd2 Nxd4 27.
exd4 Rexd4 28. Nf3 Rf4 29. Re7 1-0

[Event "Sears-Exemplars"]
[Site "?"]
[Date "1999.04.20"]
[Round "?"]
[White "Sims, L"]
[Black "Gazmen, B"]
[Result "0-1"]
[WhiteElo "1840"]
[BlackElo "2117"]
[PlyCount "48"]
[EventDate "1999.??.??"]

1. e4 c5 2. Nc3 g6 3. g3 Bg7 4. Bg2 Nc6 5. d3 e6 6. Be3 b6 7. Qd2 Nge7 8. Nge2
d5 9. Bh6 O-O 10. h4 d4 11. Nd1 e5 12. h5 Qd6 13. Bxg7 Kxg7 14. h6+ Kh8 15. f4
Bg4 16. Nf2 Bxe2 17. Kxe2 Rac8 18. Rae1 b5 19. Kd1 c4 20. dxc4 bxc4 21. c3 Rfd8
22. Kc2 Qc5 23. fxe5 dxc3 24. Qxc3 Qxf2+ 0-1

[Event "Exemplars-Sears"]
[Site "?"]
[Date "1999.04.20"]
[Round "?"]
[White "Sollano, E"]
[Black "Cumberland, M"]
[Result "1-0"]
[WhiteElo "1978"]
[BlackElo "1360"]
[PlyCount "101"]
[EventDate "1999.??.??"]

1. Nf3 d6 2. g3 b6 3. Bg2 Bb7 4. O-O g6 5. Re1 e6 6. e4 Bg7 7. d4 Nd7 8. Nc3
Ne7 9. a4 a6 10. b3 Qc8 11. b4 Qb8 12. Ra3 Nc8 13. Rb3 Na7 14. Qe2 O-O 15. b5
a5 16. Ba3 Re8 17. e5 d5 18. Bh3 Bf8 19. Bc1 Qd8 20. Bd2 Nc8 21. Nh4 Ne7 22.
Bg5 h6 23. Bd2 Kh7 24. f4 Bc8 25. Qe3 Bg7 26. Nd1 Nf8 27. Nf2 Bd7 28. Nf3 Ng8
29. Bf1 Qe7 30. h4 Rec8 31. Bd3 c5 32. bxc6 Rxc6 33. Reb1 Rb8 34. Bxa5 Qd8 35.
Bb4 Rcc8 36. h5 Bxa4 37. R3b2 b5 38. Ng4 Rb7 39. Nh4 Ne7 40. Nf6+ Bxf6 41. exf6
Ng8 42. Bxf8 Qxf8 43. hxg6+ fxg6 44. Qxe6 Nxf6 45. Nxg6 Qg7 46. Qxc8 Ne4 47.
Kg2 Kxg6 48. Qc6+ Kh7 49. Bxe4+ dxe4 50. Qxe4+ Qg6 51. Qxb7+ 1-0

[Event "Reader-LBurn"]
[Site "?"]
[Date "1999.03.24"]
[Round "?"]
[White "Henderson, H"]
[Black "Eaman, R"]
[Result "0-1"]
[WhiteElo "1834"]
[BlackElo "1669"]
[PlyCount "66"]
[EventDate "1999.??.??"]

1. d4 e6 2. c4 Nf6 3. Nc3 Bb4 4. a3 Bxc3+ 5. bxc3 5... b6 { } 6. f3 d5 7. cxd5
exd5 8. e3 O-O 9. Bd3 9... c5 { } 10. Ne2 c4 11. Bb1 Nc6 12. O-O Re8 13. Ng3 { 
} 13... h5 14. Re1 h4 15. Nf5 { } 15... h3 (15... Nh7 16. e4) 16. Ra2 g6 17.
Ng3 { } 17... Na5 {heading for b3, but kinda far from the action} 18. e4 18...
Kg7 { } 19. Bg5 (19. Qd2 Rh8) 19... Qc7 20. e5 20... Nh7 {
Compare with last diagram.} 21. Qd2 {
the game shows that the Q is useless on this diagonal} (21. Bc1 $2 21... Nb3 {
the N actually does something}) (21. f4 $2 {to open Q attack to h5} 21... Nxg5
(21... Nb3 $2 22. Nh5+ $1 { } 22... Kh8 (22... gxh5 23. Bxh7 Kxh7 24. Qxh5+ Kg8
25. Bf6 {mates}) 23. Nf6 Nxf6 (23... Rf8 $4 24. Nxh7 Kxh7 25. Qh5+) 24. Bxf6+
Kg8 (24... Kh7 $4 25. Qh5+)) 22. fxg5 {Wh attack has fizzed}) (21. Be3 {
Rf2 and f4-5 coming}) 21... Nb3 (21... Nxg5 22. Qxg5 Qe7) 22. Bh6+ 22... Kh8 { 
} 23. Qf4 Qe7 24. Qe3 24... hxg2 { } 25. f4 25... f5 $5 {
defending, but allowing a strong passer, but in the short-term will be blocked.
} 26. Rxg2 26... Qh4 { } 27. Bg7+ $2 {laying a trap} (27. Bg5 Nxg5 28. fxg5
28... f4 $5 29. Qf2 (29. Qf3 $2 29... Bg4 (29... fxg3 $4 { } 30. Qf6+ Kg8 31.
Qxg6+ Kh8 (31... Kf8 32. Rf1+ Ke7 33. Qd6#) 32. hxg3 Qh3 (32... Qg4 33. Qh7#)
33. Rh2) 30. Qxf4 30... Rf8 { } 31. Qe3 Rf3 32. Qe2 Rxc3 (32... Rxg3 $2 33.
hxg3 Qxg5 34. Rh2+ Kg7)) 29... Rf8 30. Nf1) 27... Kxg7 28. Bxf5 { } 28... Ng5 (
{hoping for} 28... Bxf5 29. Nxf5+ {winning Q}) 29. Bxc8 (29. fxg5 29... gxf5 {
and gPawn in the way}) 29... Raxc8 $2 (29... Nh3+ {saves the piece}) 30. fxg5 {
} 30... Re6 31. Qf3 Rf8 32. Qxd5 32... Re7 { } 33. Ne4 $4 33... Qxe1# 0-1

[Event "LBurn-Reader"]
[Site "?"]
[Date "1999.03.24"]
[Round "?"]
[White "Duffy, J"]
[Black "Wentling, C"]
[Result "1-0"]
[WhiteElo "1690"]
[BlackElo "1599"]
[PlyCount "48"]
[EventDate "1999.??.??"]

1. d4 d5 2. Nf3 Nf6 3. Bg5 h6 4. Bh4 g5 5. Bg3 Ne4 6. Nbd2 Nxg3 7. hxg3 Bg7 8.
e3 Bf5 9. Nb3 Qd6 10. Bd3 Qg6 11. Bxf5 Qxf5 12. Qe2 c6 13. Nc5 b6 14. Nd3 f6
15. O-O-O e5 16. Nh2 h5 17. g4 hxg4 18. Nxg4 e4 19. Rxh8+ Bxh8 20. Ne1 Ke7 21.
c3 Bg7 22. Nc2 a5 23. Rh1 Qg6 24. f3 24... Nd7 {score missing} 1-0

[Event "LBurn-Reader"]
[Site "?"]
[Date "1999.05.24"]
[Round "?"]
[White "Baysingar, D"]
[Black "Sullivan, C"]
[Result "0-1"]
[WhiteElo "1399"]
[BlackElo "1497"]
[PlyCount "108"]
[EventDate "1999.??.??"]

1. e4 e6 2. d4 d5 3. e5 c5 4. Nf3 Bd7 5. Nc3 Nc6 6. Be3 Nge7 7. Nb5 Nf5 8. Bg5
Be7 9. Bxe7 Ncxe7 10. Nd6+ Nxd6 11. exd6 Nc6 12. dxc5 Qa5+ 13. c3 Qxc5 14. Qd3
Qxd6 15. Be2 a6 16. O-O h6 17. Rfe1 Ne7 18. Qd4 Nf5 19. Qd2 Bc6 20. Bd3 O-O-O
21. Ne5 Be8 22. Rac1 f6 23. Nf3 Bc6 24. Nd4 Nxd4 25. cxd4 e5 26. Qe2 Kd7 27.
Qg4+ Kc7 28. dxe5 fxe5 29. Qxg7+ Kb6 30. Rxe5 Rhg8 31. Qe7 d4 32. Be4 Bxe4 33.
Re6 Rxg2+ 34. Kf1 Qxe6 35. Qxe6+ Bc6 36. Rxc6+ bxc6 37. Kxg2 d3 38. Qb3+ Kc7
39. Qd1 Rd5 40. f4 Kd6 41. Kf3 Ke6 42. Ke4 Kd6 43. b4 Ke6 44. h4 Kf6 45. a4 Ke6
46. f5+ Kf6 47. Qa1+ Kf7 48. Qd1 Kf6 49. b5 Re5+ 50. Kxd3 axb5 51. axb5 cxb5
52. Qa1 Kxf5 53. Qf1+ Kg4 54. Qg2+ Kxh4 0-1

[Event "Reader-LBurn"]
[Site "?"]
[Date "1999.03.24"]
[Round "?"]
[White "Marsh, M"]
[Black "Bannon, B"]
[Result "0-1"]
[WhiteElo "1147"]
[BlackElo "1173"]
[PlyCount "56"]
[EventDate "1999.??.??"]

1. e4 e5 2. Nf3 Nc6 3. Bc4 Bc5 4. d3 Nge7 5. Nxe5 Nxe5 6. d4 Nxc4 7. dxc5 O-O
8. b3 Ne5 9. Bb2 N7g6 10. O-O Re8 11. Nc3 c6 12. Qd2 b6 13. cxb6 axb6 14. f3 d6
15. Ne2 Ba6 16. Rfd1 Bxe2 17. Qxe2 Qf6 18. Rf1 Nxf3+ 19. Rxf3 Qxb2 20. Rff1
Qd4+ 21. Kh1 Rxe4 22. Qd1 Qxd1 23. Raxd1 Rxa2 24. Rxd6 Rxc2 25. Kg1 Ree2 26.
Rfd1 Rxg2+ 27. Kf1 Rxh2 28. Re1 Rh1# 0-1

[Event "Kemper-Excaliburs"]
[Site "?"]
[Date "1999.04.27"]
[Round "?"]
[White "Leong, G"]
[Black "Wong, P"]
[Result "1/2-1/2"]
[WhiteElo "2019"]
[BlackElo "2221"]
[PlyCount "41"]
[EventDate "1999.??.??"]

1. c4 g6 2. Nc3 Bg7 3. d3 d6 4. g3 Nc6 5. Bg2 e5 6. e3 f5 7. Nge2 Nf6 8. O-O
O-O 9. f4 Rb8 10. a3 h6 11. b4 g5 12. Bb2 Ne7 13. a4 Be6 14. b5 Kh8 15. Qd2 Ng6
16. e4 gxf4 17. gxf4 Nh4 18. Ng3 Ng4 19. h3 exf4 20. hxg4 fxg3 21. Ne2 {
since 1/2 wins match} 1/2-1/2

[Event "Kemper-Excaliburs"]
[Site "?"]
[Date "1999.04.27"]
[Round "?"]
[White "Easton, R"]
[Black "Burian, D"]
[Result "1-0"]
[WhiteElo "1714"]
[BlackElo "1597"]
[PlyCount "77"]
[EventDate "1999.??.??"]

1. d4 d5 2. c4 e6 3. Nc3 Nf6 4. Bg5 Be7 5. e3 O-O 6. Nf3 h6 7. Bh4 b6 8. cxd5
Nxd5 9. Bxe7 Nxe7 10. Rc1 Bb7 11. Bd3 Nd7 12. O-O c5 13. Be4 Bxe4 14. Nxe4 cxd4
15. Qxd4 Nf5 16. Qa4 Nf6 17. Rfd1 Qe7 18. Nxf6+ Qxf6 19. b4 a6 20. Rc6 b5 21.
Qa3 Rfd8 22. Rdc1 Rd6 23. h3 Qe7 24. e4 Rxc6 25. Rxc6 Qb7 26. Qc3 Ne7 27. Rc7
Nd5 28. exd5 Qxd5 29. Rc8+ Rxc8 30. Qxc8+ Kh7 31. Qxa6 Qd1+ 32. Kh2 Qe2 33. a4
Qxf2 34. Qxb5 Qe3 35. Qe5 Qb3 36. Qb5 Qe3 37. a5 Qf4+ 38. Kh1 Qg3 39. Qd3+ 1-0

[Event "Excaliburs-Kemper"]
[Site "?"]
[Date "1999.04.27"]
[Round "?"]
[White "Brotsos, J"]
[Black "Cummuta, P"]
[Result "0-1"]
[WhiteElo "1562"]
[BlackElo "1469"]
[PlyCount "46"]
[EventDate "1999.??.??"]

1. e4 c5 2. Nf3 g6 3. d4 cxd4 4. Nxd4 Bg7 5. Be3 Nc6 6. Nc3 d6 7. Bc4 a6 8. Qd2
Nf6 9. f3 Ne5 10. Bb3 O-O 11. O-O-O b5 12. h4 Nc4 13. Bxc4 bxc4 14. Bh6 Bd7 15.
Nd5 e5 16. Ne2 Rb8 17. c3 Nxd5 18. exd5 Qa5 19. Kb1 Rb7 20. h5 Rfb8 21. Bxg7
Qa3 22. b4 cxb3 23. axb3 Bf5+ 0-1

[Event "Kemper-Excaliburs"]
[Site "?"]
[Date "1999.04.27"]
[Round "?"]
[White "Olsen, A"]
[Black "Suerth, F"]
[Result "1/2-1/2"]
[WhiteElo "1477"]
[BlackElo "1607"]
[PlyCount "130"]
[EventDate "1999.??.??"]

1. e4 c5 2. c3 Nf6 3. e5 Nd5 4. Bc4 Nb6 5. Be2 Nc6 6. Nf3 Qc7 7. d4 d6 8. Bb5
Bd7 9. dxc5 dxc5 10. Bxc6 Bxc6 11. Bf4 Nd5 12. Bg3 e6 13. O-O Rd8 14. Qe2 g6
15. c4 Ne7 16. Bh4 Bg7 17. Nbd2 O-O 18. Rad1 Rd7 19. Bf6 Nf5 20. Nb3 b6 21.
Rxd7 Qxd7 22. Rd1 Qb7 23. Rd3 h6 24. g4 Bxf3 25. Qxf3 Qxf3 26. Rxf3 Bxf6 27.
exf6 Nh4 28. Rd3 g5 29. Nd2 Kh7 30. Rd7 Kg6 31. Rxa7 Rd8 32. Nf1 Kxf6 33. Ra6
Rd4 34. h3 Rxc4 35. Rxb6 Ng6 36. b3 Rc3 37. Ne3 Rc1+ 38. Kh2 Nf4 39. a4 h5 40.
gxh5 Nxh5 41. a5 Ke5 42. Rb7 Ke4 43. Rxf7 Nf4 44. a6 Ra1 45. a7 Ra2 46. Kg3 Ra1
47. Nf1 Kd4 48. Kg4 Kc3 49. Rb7 Ra2 50. Kxg5 Nxh3+ 51. Kf6 Rxf2+ 52. Kxe6 Ra2
53. Kd6 Ra5 54. Kc7 Rxa7 55. Rxa7 Kxb3 56. Rb7+ Kc4 57. Nd2+ Kd4 58. Rb5 Nf4
59. Kb6 Ne6 60. Nb3+ Kc4 61. Nxc5 Nf4 62. Ne4 Nd5+ 63. Ka5 Kd4 64. Nf2 Kc4 65.
Nd1 Kd4 1/2-1/2

[Event "Chargers-Case"]
[Site "?"]
[Date "1999.04.26"]
[Round "?"]
[White "Marcowka, B"]
[Black "Kale, S"]
[Result "1-0"]
[WhiteElo "1977"]
[BlackElo "1911"]
[PlyCount "155"]
[EventDate "1999.??.??"]

1. d4 Nf6 2. c4 d5 3. Nf3 e6 4. g3 Be7 5. Bg2 O-O 6. O-O c6 7. Qc2 h6 8. Nbd2
Nbd7 9. b3 Qc7 10. Bb2 Re8 11. Ne5 Nxe5 12. dxe5 Nd7 13. cxd5 exd5 14. Bxd5
Nxe5 15. Bg2 Bg4 16. Nc4 Nxc4 17. Qxc4 Bh5 18. Be4 Bf8 19. Rfe1 Qe7 20. Bd3 Qc5
21. Rac1 Qxc4 22. Rxc4 Rad8 23. Kf1 f6 24. Bc3 Bf7 25. Ra4 Bc5 26. Bc4 b5 27.
Bxf7+ Kxf7 28. Rf4 Bb6 29. a4 a5 30. Rc1 b4 31. Be1 Rc8 32. Rfc4 Re6 33. R1c2
Ke7 34. g4 Kd7 35. e4 Rd6 36. Ke2 Rd4 37. Rxd4+ Bxd4 38. h4 Ke6 39. Kd3 c5 40.
f4 Rd8 41. f5+ Kf7 42. Kc4 Ke7 43. Kb5 Ra8 44. Bd2 Kd7 45. g5 hxg5 46. hxg5 Re8
47. gxf6 gxf6 48. Bc1 Rxe4 49. Rh2 Kd6 50. Rh8 Ke5 51. Kxa5 Kxf5 52. Kb5 Kg6
53. a5 Re1 54. Bf4 f5 55. Rg8+ Kf7 56. Rc8 Rb1 57. a6 Rxb3 58. a7 Ra3 59. a8=Q
Rxa8 60. Rxa8 Ke6 61. Kc4 b3 62. Kxb3 Kd5 63. Re8 c4+ 64. Kc2 Bf6 65. Kd2 Bd4
66. Ke2 Bf6 67. Bc1 Be5 68. Kf3 c3 69. Rd8+ Kc4 70. Ke2 f4 71. Rc8+ Kd4 72. Ba3
Ke4 73. Rc4+ Kd5 74. Kd3 f3 75. Rc5+ Ke6 76. Ke4 Bd4 77. Rc6+ Kf7 78. Kxf3 1-0

[Event "Case-Chargers"]
[Site "?"]
[Date "1999.04.26"]
[Round "?"]
[White "White, H"]
[Black "Rosley, D"]
[Result "0-1"]
[WhiteElo "1659"]
[BlackElo "1764"]
[PlyCount "118"]
[EventDate "1999.??.??"]

1. d4 d5 2. c4 Nf6 3. Nc3 e6 4. Nf3 Be7 5. e3 O-O 6. Bd3 dxc4 7. Bxc4 c5 8. O-O
Nc6 9. d5 exd5 10. Nxd5 Nxd5 11. Bxd5 Qc7 12. Bxc6 Qxc6 13. Qc2 Rd8 14. Bd2 Bg4
15. Ne1 Be2 16. Nf3 Bxf1 17. Kxf1 Qb5+ 18. Kg1 Bf6 19. Rb1 Qd3 20. Qc1 Rac8 21.
Bc3 Bxc3 22. bxc3 f6 23. h3 Rd7 24. Qb2 Rcd8 25. Ne1 Qd2 26. Qb3+ Qd5 27. Qb2
b6 28. Nf3 Qe4 29. Kh2 Qc6 30. Qb3+ Qd5 31. Qb2 Qd6+ 32. Kg1 Qe6 33. Qc2 Qc4
34. e4 Rd3 35. e5 Rxc3 36. Qf5 fxe5 37. Nxe5 Qxa2 38. Re1 Rf8 39. Qe4 Qxf2+ 40.
Kh1 Qd4 41. Qc6 Re3 42. Qe6+ Kh8 43. Nf7+ Kg8 44. Rxe3 Rxf7 45. Qe8+ Rf8 46.
Qe6+ Kh8 47. Rf3 Qd8 48. Re3 h6 49. Rg3 Qf6 50. Qd7 Qf7 51. Qd6 Qc4 52. Qg6 Qf7
53. Qd3 c4 54. Qc3 b5 55. Qb4 Rd8 56. Re3 Rd1+ 57. Re1 Rxe1+ 58. Qxe1 Qd7 59.
Qb4 a6 0-1

[Event "Charger-Case"]
[Site "?"]
[Date "1999.04.26"]
[Round "?"]
[White "Stamm, V"]
[Black "Klinefelter, H"]
[Result "0-1"]
[WhiteElo "1562"]
[BlackElo "1567"]
[PlyCount "47"]
[EventDate "1999.??.??"]

1. d4 d5 2. c4 e6 3. a3 Nf6 4. Nc3 c6 5. cxd5 cxd5 6. Nf3 Nc6 7. Bf4 Be7 8. e3
O-O 9. Nb5 a6 10. Nc3 Nd7 11. Bd3 f5 12. O-O Nf6 13. h3 Ne4 14. Qc2 Bd7 15. Ne5
Be8 16. Nxe4 fxe4 17. Be2 Rc8 18. Qd1 Bg5 19. Bg4 Nxe5 20. Bxe6+ Nf7 21. Bxg5
Qxg5 22. Bxc8 h6 23. Bxb7 Nd6 24. Bxa6 {score unuseable} 0-1

[Event "Case-Chargers"]
[Site "?"]
[Date "1999.04.26"]
[Round "?"]
[White "Satterlee, D"]
[Black "Thomas, J"]
[Result "0-1"]
[WhiteElo "1560"]
[BlackElo "1545"]
[PlyCount "112"]
[EventDate "1999.??.??"]

1. f4 d5 2. e3 c5 3. Bb5+ Bd7 4. a4 a6 5. Bxd7+ Nxd7 6. b3 Ngf6 7. Bb2 e6 8.
Nf3 Bd6 9. O-O O-O 10. d3 Qb6 11. Qe1 c4 12. a5 Qb5 13. Nd4 Qc5 14. Ba3 Qc7 15.
b4 cxd3 16. cxd3 e5 17. Nf5 Rfe8 18. Nxd6 Qxd6 19. b5 Qc7 20. b6 Qc2 21. fxe5
Nxe5 22. Qd1 Qxd3 23. Bd6 Qxe3+ 24. Kh1 Neg4 25. Bg3 Qe2 26. Nc3 Qxd1 27. Raxd1
Ne3 28. Rxf6 Nxd1 29. Rf3 Nxc3 30. Rxc3 Rac8 31. Rc7 d4 32. h3 d3 33. Bf4 Rb8
34. Rd7 Rbd8 35. Rxb7 d2 36. Bxd2 Rxd2 37. Rc7 Rdd8 38. Ra7 Ra8 39. Rc7 g6 40.
Kh2 Kf8 41. Kg3 Kg7 42. Kh2 Kf6 43. Kg3 Re2 44. b7 Rb8 45. Rc6+ Kg7 46. Rxa6
Rxb7 47. Rc6 Ra7 48. a6 Re6 49. Rc3 Rexa6 50. Kh2 Ra2 51. Rf3 Re2 52. Kh1 Ra1+
53. Kh2 Raa2 54. Kh1 Rxg2 55. Rxf7+ Kxf7 56. h4 Rgc2 0-1

[Event "Chargers-Case"]
[Site "?"]
[Date "1999.04.26"]
[Round "?"]
[White "Dobr, K"]
[Black "Reid, C"]
[Result "0-1"]
[WhiteElo "1498"]
[BlackElo "1424"]
[PlyCount "89"]
[EventDate "1999.??.??"]

1. c4 Nf6 2. d4 d5 3. Nc3 e6 4. Nf3 Be7 5. c5 c6 6. b4 {
Bl demonstrates the down side of this move} 6... O-O 7. e3 Nbd7 8. Bd3 Qc7 9.
Qc2 { } 9... e5 10. dxe5 Nxe5 11. Nxe5 Qxe5 12. O-O 12... h6 { } 13. f3 13...
a5 $1 {opening lines to his advantage} 14. f4 Qc7 15. Na4 axb4 16. Rb1 16...
Qa5 { } 17. Nb6 Ra7 18. Nxc8 Rxc8 19. Bd2 19... Bxc5 { } 20. h3 Qb6 21. Bxb4
Bxe3+ 22. Kh1 Qc7 23. g3 23... c5 {
Bl finds the easiest win with a central P roller} 24. Bc3 d4 25. Bb2 c4 26. Bf5
26... d3 { } 27. Qg2 (27. Qc3 {
blocks Ps (for a while) and pins N to g7 mate threat}) 27... c3 28. Bc1 d2 29.
Bxc8 Qxc8 30. Bxd2 30... Bxd2 {and Black won in another 15} 31. Rfd1 Qd7 32.
Rbc1 Qd3 33. Ra1 Ne4 34. Qg1 Qf3+ 35. Qg2 Nf2+ 36. Kg1 Qxg2+ 37. Kxg2 Nxd1 38.
Rxd1 Rxa2 39. Kf2 b5 40. Ke2 Bxf4+ 41. Kf3 Bd2 42. Ke4 b4 43. Kd4 g6 44. Kd3 b3
45. Rh1 0-1

[Event "Motorola-UOP"]
[Site "?"]
[Date "1999.04.22"]
[Round "?"]
[White "Wolf, D"]
[Black "Stevanovic, M"]
[Result "1-0"]
[WhiteElo "2312"]
[BlackElo "2216"]
[PlyCount "80"]
[EventDate "1999.??.??"]

1. e4 d6 2. d4 Nf6 3. Nc3 g6 4. f4 Bg7 5. Nf3 e6 6. Bd3 Nc6 7. O-O Ne7 8. Qe1
c5 9. dxc5 dxc5 10. e5 Nd7 11. Ne4 O-O 12. g4 b6 13. Qh4 f6 14. exf6 Nxf6 15.
Neg5 h6 16. Ne4 c4 17. g5 Nf5 18. Nxf6+ Bxf6 19. Bxf5 Bd4+ 20. Kg2 gxf5 21.
Qxh6 Bg7 22. Qh5 Bb7 23. Be3 Qe7 24. c3 Rfd8 25. Rad1 Rd3 26. Rxd3 cxd3 27. Kf2
Bxf3 28. Qxf3 Rd8 29. Rd1 e5 30. fxe5 Qxe5 31. Bf4 Qb5 32. Rd2 Qc5+ 33. Qe3 Qc4
34. a3 Kf7 35. Kg3 Rd7 36. h4 b5 37. h5 Qd5 38. g6+ Kf8 39. h6 Bf6 40. Qf3 Qc4
1-0

[Event "UOP-Motorola"]
[Site "?"]
[Date "1999.04.22"]
[Round "?"]
[White "Buerger, E"]
[Black "Melnikov, I"]
[Result "0-1"]
[WhiteElo "2056"]
[BlackElo "2040"]
[PlyCount "74"]
[EventDate "1999.??.??"]

1. d4 Nf6 2. c4 e6 3. Nc3 d5 4. Bg5 Be7 5. e3 O-O 6. Bd3 h6 7. Bh4 c6 8. Nf3
Nbd7 9. O-O dxc4 10. Bxc4 c5 11. Qe2 cxd4 12. Nxd4 Ne5 13. Bb3 Nd5 14. Nxd5
Bxh4 15. Nf4 Qa5 16. Rfd1 b6 17. Qb5 Qxb5 18. Nxb5 Ng4 19. g3 Bf6 20. Nd6 Bxb2
21. Rab1 Ba3 22. Nxc8 Rfxc8 23. Nxe6 Ne5 24. Rd5 Nf3+ 25. Kg2 fxe6 26. Rd7 Rf8
27. Bxe6+ Kh8 28. Bd5 Ne5 29. Rc7 Rad8 30. e4 Bc5 31. f4 Ng4 32. Be6 Rd2+ 33.
Kh3 Nf2+ 34. Kh4 Nxe4 35. h3 Bf2 36. f5 Rd4 (36... Bxg3+) 37. Kg4 Nd2+ 0-1

[Event "Motorola-UOP"]
[Site "?"]
[Date "1999.04.22"]
[Round "?"]
[White "Hassan, Y"]
[Black "Sacks, D"]
[Result "1-0"]
[WhiteElo "2119"]
[BlackElo "1836"]
[PlyCount "43"]
[EventDate "1999.??.??"]

1. e4 g6 2. Nf3 Bg7 3. Bc4 c6 4. Nc3 d6 5. d4 Bg4 6. h3 Bxf3 7. Qxf3 e6 8. d5
cxd5 9. exd5 e5 10. O-O Ne7 11. Bb5+ Nd7 12. Ne4 Nc8 13. Bg5 Qc7 14. Nf6+ Bxf6
15. Qxf6 Rg8 16. Rfe1 a6 17. Bxd7+ Qxd7 18. Rxe5+ dxe5 19. Qxe5+ Kf8 ({
Bl can play on after} 19... Ne7 20. Re1 O-O-O 21. Bxe7 { } 21... Rde8 {
Bl is stifled} (21... Rge8 22. d6 (22. Qf6 {Be7 still pinned} 22... Qxd5))) 20.
Bh6+ Rg7 21. Qxg7+ Ke7 22. Qe5+ 1-0

[Event "UOP-Motorola"]
[Site "?"]
[Date "1999.04.22"]
[Round "?"]
[White "Sajbel, P"]
[Black "Wallach, C"]
[Result "1-0"]
[WhiteElo "1810"]
[BlackElo "2024"]
[PlyCount "71"]
[EventDate "1999.??.??"]

1. d4 Nf6 2. c4 g6 3. Nc3 Bg7 4. e4 d6 5. Nf3 O-O 6. Be2 e5 7. Bg5 Nc6 8. d5
8... Ne7 { } 9. Qd3 {
an unusual Q move- Bl eventual f5 & Bf5 would be one down side} 9... h6 10.
Bxf6 {Wh usually saves this B to attack h6, but probably judges dark-square B
lifeless} 10... Bxf6 11. h4 Bg7 12. O-O-O Bg4 13. Nh2 Bxe2 14. Qxe2 f5 15. h5 {
} 15... f4 (15... g5 {keeps lines closed}) 16. hxg6 Nxg6 17. Ng4 Qg5 18. f3 {
Bl would have a plus if he could focus his pieces} 18... Rf7 19. Rh2 h5 20. Nf2
Bf8 21. Rdh1 { } 21... Rg7 22. Rxh5 Qxg2 23. R5h2 23... Qg3 $2 { } 24. Ng4 {
the Bl Q is trapped} 24... Be7 25. Rh3 Bh4 26. Rxg3 Bxg3 27. Nh6+ Kf8 28. Nf5
28... Rg8 { Bl deficit is increased by the useless Bg3 (see Wh move 10!)} 29.
Qf1 Rh8 30. Rxh8+ Nxh8 31. Qh3 Nf7 32. Qh7 32... Rd8 { } 33. Qg7+ Ke8 34. Qg8+
Kd7 35. Qxf7+ Kc8 36. Nb5 { } 1-0

[Event "UOP-Motorola"]
[Site "?"]
[Date "1999.04.22"]
[Round "?"]
[White "Lechnick, J"]
[Black "Samelson, C"]
[Result "1-0"]
[WhiteElo "1812"]
[BlackElo "1917"]
[PlyCount "71"]
[EventDate "1999.??.??"]

1. d4 e6 2. e4 d5 3. Nc3 Nf6 4. Bg5 Be7 5. e5 Nfd7 6. Bxe7 Kxe7 7. Qg4 Kf8 8.
f4 f5 9. Qf3 a6 10. Nge2 c5 11. O-O-O c4 12. g4 g6 13. gxf5 gxf5 14. Qh3 Qe7
15. Rg1 Rg8 16. Qh6+ Rg7 17. Rxg7 Qxg7 18. Qxe6 Qf7 19. Qxf7+ Kxf7 20. Nxd5 b5
21. Bh3 Nf8 22. Ndc3 Nc6 23. Bxf5 Ne7 24. Bxc8 Rxc8 25. d5 Neg6 26. Ne4 Rd8 27.
Nd6+ Ke7 28. Rf1 Rxd6 29. exd6+ Kxd6 30. Rd1 Ne7 31. Nc3 Nfg6 32. Ne4+ Kd7 33.
d6 Nc6 34. Nc5+ Kd8 35. d7 Nxf4 36. Nb7+ 1-0

[Event "UOP-Motorola"]
[Site "?"]
[Date "1999.04.22"]
[Round "?"]
[White "Micklich, F"]
[Black "Piparia, J"]
[Result "0-1"]
[WhiteElo "1639"]
[BlackElo "1741"]
[PlyCount "64"]
[EventDate "1999.??.??"]

1. e4 e5 2. Bc4 Nc6 3. Nc3 Nf6 4. d3 h6 5. f4 Bc5 6. Nf3 d6 7. f5 a6 8. a4 Na5
9. Ba2 c6 10. Qe2 b5 11. axb5 axb5 12. Be3 Bxe3 13. Qxe3 Bd7 14. O-O O-O 15.
Kh1 b4 16. Na4 c5 17. b3 Nc6 18. c3 bxc3 19. Nxc3 Nb4 20. Qd2 Qb6 21. Na4 Qb5
22. Bb1 Nxe4 23. dxe4 Qxf1+ 24. Ng1 Rfd8 25. Qc3 Bb5 26. Bc2 Qf2 27. Bd1 Nd3
28. Be2 Nf4 29. Bf3 Bf1 30. Rxf1 Qxf1 31. h3 c4 32. Kh2 cxb3 0-1

[Event "Royals-Fermi"]
[Site "?"]
[Date "1999.04.29"]
[Round "?"]
[White "Peijffers, S"]
[Black "Dorigo, T"]
[Result "1/2-1/2"]
[WhiteElo "2065"]
[BlackElo "2182"]
[PlyCount "85"]
[EventDate "1999.??.??"]

1. c4 e5 2. Nc3 Nc6 3. g3 g6 4. Bg2 Bg7 5. e3 Nge7 6. Nge2 O-O 7. O-O d6 8. d4
a5 9. d5 Nb8 10. e4 Nd7 11. Be3 f5 12. f4 Kh8 13. Qd2 Ra6 14. a3 Nc5 15. Qc2
Nxe4 16. Nxe4 fxe4 17. Bxe4 Nf5 18. Bf2 Qf6 19. fxe5 Qxe5 20. g4 Re8 21. gxf5
Qxe4 22. Qxe4 Rxe4 23. Ng3 Rxc4 24. fxg6 hxg6 25. Rac1 Rxc1 26. Rxc1 c5 27. b4
axb4 28. axb4 b6 29. Ne4 Be5 30. Bg3 Bd4+ 31. Bf2 Bxf2+ 32. Kxf2 Ra2+ 33. Kf3
Ra3+ 34. Kf2 Bf5 35. Nxd6 cxb4 36. Nxf5 gxf5 37. Rc8+ Kg7 38. Rb8 Ra6 39. Ke3
b3 40. Kd3 f4 41. d6 Kf6 42. Rc8 Ke6 43. Rf8 {score unreadable} 1/2-1/2

[Event "Royals-Fermi"]
[Site "?"]
[Date "1999.04.29"]
[Round "?"]
[White "Dobrovolny, C"]
[Black "Spiegel, L"]
[Result "1/2-1/2"]
[WhiteElo "1776"]
[BlackElo "2063"]
[PlyCount "37"]
[EventDate "1999.??.??"]

1. e4 e6 2. d4 d5 3. Nd2 Nf6 4. e5 Nfd7 5. Bd3 c5 6. c3 Nc6 7. Ne2 Qb6 8. Nf3
cxd4 9. cxd4 f6 10. exf6 Nxf6 11. O-O Bd6 12. Bf4 Bxf4 13. Nxf4 O-O 14. Re1 Nb4
15. Qb3 Qd6 16. a3 Nxd3 17. Nxd3 Ne4 18. Nde5 b6 19. Rac1 1/2-1/2

[Event "Fermi-Royals"]
[Site "?"]
[Date "1999.04.29"]
[Round "?"]
[White "Gaines, I"]
[Black "Blackmon, E"]
[Result "0-1"]
[WhiteElo "1741"]
[BlackElo "1766"]
[PlyCount "42"]
[EventDate "1999.??.??"]

1. d4 Nf6 2. c4 c5 3. d5 b5 4. cxb5 a6 5. e3 Bb7 6. Nc3 Qa5 7. Bd2 Qb6 8. e4
axb5 9. Bxb5 Nxe4 10. Bxd7+ Nxd7 11. Nxe4 Bxd5 12. Qc2 Qb7 13. f3 e5 14. Ne2
Be7 15. Bg5 Bxe4 16. Qd2 Bxg5 17. Qxg5 Bg6 18. O-O-O Rxa2 19. Rxd7 Qxb2+ 20.
Kd1 Qxe2+ 21. Kc1 Ra1# 0-1